000 00562cam a2200145 4500500
005 20251012021549.0
041 _afre
042 _adc
100 1 0 _aSalin, Dominique
_eauthor
245 0 0 _aFrançois-Régis Wilhélem, ACCUEILLIR ET DISCERNER LES GRÂCES DE L’ESPRIT Préface de Jean-Luc Moens, Éditions des Béatitudes, 2021, 166 p., 14 €.
260 _c2023.
500 _a45
786 0 _nChristus | º277 | 1 | 2023-01-01 | p. 123-124 | 0009-5834
856 4 1 _uhttps://shs.cairn.info/revue-christus-2023-1-page-123?lang=fr&redirect-ssocas=7080
999 _c1538740
_d1538740